000 00958nam a22001937a 4500
005 20120123121619.0
020 _a8170432752
_c200.00
037 _adpl
_b
100 _aशर्मा, विश्वमित्र
_939976
245 _aहितोपदेश /
_cविश्वमित्र शर्मा; योगेन्द्र कुमार लल्ला द्वारा संपादित
246 _a
_b
260 _aदिल्ली
_bआत्माराम एण्ड संस
_c2011
270 _a1376, कश्मीरी गेट
_bदिल्ली
_e110006
300 _a132 पृ.
_bसचित्र
_c24 सेमी. (सजिल्द)
490 _aसचित्र बाल उपहार माला
_939977
650 _aबाल कविताएं
_939978
700 _aयोगेन्द्र कुमार लल्ला
_939966
942 _2ddc
_cCH
_e
_mशर्मावि
999 _c61355
_d61355